Statistics for Countries Closest to Algeria - 15 Second Sprint

Click here to take the quiz!

General Stats

  • This quiz has been taken 117 times
  • The average score is 10 of 20

Answer Stats

kmcountrymiles% Correct
0Libya0
90%
0Morocco0
88%
0Tunisia0
87%
0Mali0
75%
0Niger0
65%
68Spain43
63%
312Chad194
61%
0Mauritania0
61%
214Italy133
60%
494France307
52%
500Malta311
49%
521Portugal324
45%
601Nigeria374
42%
739Monaco459
40%
613Burkina Faso381
37%
838San Marino521
32%
642Vatican City399
32%
637Andorra396
25%
733Benin456
14%
0Western Sahara0
11%

Score Distribution

Percentile by Number Answered

Percent of People with Each Score

Your Score History

You have not taken this quiz